[Event "e2e4 Sunningdale Easter 2014"]
[Site "Ascot ENG"]
[Date "2014.04.19"]
[Round "5.7"]
[White "Lock, Gavin R"]
[Black "Buchicchio, Giampaolo"]
[Result "1/2-1/2"]
[BlackTitle "FM"]
[WhiteElo "2182"]
[BlackElo "2343"]
[WhiteFideId "408646"]
[BlackFideId "811491"]
[EventDate "2014.04.17"]

1. d4 d5 2. Nf3 c6 3. c4 Nf6 4. Nc3 a6 5. c5 g6 6. Bf4 Nh5 7. Qd2 b6 8. cxb6
Nxf4 9. Qxf4 Qxb6 10. Qd2 Nd7 11. e3 Rb8 12. Na4 Qc7 13. Rc1 e5 14. dxe5 Bb4 15.
Nc3 Nxe5 16. Be2 Qe7 17. O-O O-O 18. a3 Bd6 19. Rfd1 Rd8 20. b4 a5 21. bxa5
Nxf3+ 22. Bxf3 Qe5 23. g3 Bxa3 24. Rb1 Bf5 25. Rxb8 Rxb8 26. Ne2 Bb4 27. Qd4 Qc7
28. a6 Bd6 29. Rc1 Bd7 30. Bxd5 Ba3 31. Ra1 Bb2 32. Qxb2 Rxb2 33. a7 Rb1+ 34.
Rxb1 Qxa7 35. Bf3 Kg7 36. Kg2 Be6 37. Nd4 Ba2 38. Nxc6 Qc5 1/2-1/2

[Event "e2e4 Sunningdale Easter 2014"]
[Site "Ascot ENG"]
[Date "2014.04.19"]
[Round "5.9"]
[White "Sowray, Peter J"]
[Black "Burrows, Martin P"]
[Result "1-0"]
[WhiteTitle "FM"]
[WhiteElo "2331"]
[BlackElo "2168"]
[WhiteFideId "400971"]
[BlackFideId "409057"]
[EventDate "2014.04.17"]

1. d4 Nf6 2. c4 e6 3. Nc3 Bb4 4. e3 b6 5. Ne2 Ne4 6. f3 Nxc3 7. bxc3 Be7 8. e4
d6 9. Ng3 O-O 10. Bd3 Nc6 11. O-O Ba6 12. f4 Na5 13. Qe2 g6 14. f5 exf5 15. exf5
Bh4 16. fxg6 hxg6 17. Bh6 Bxg3 18. hxg3 Re8 19. Qg4 Re6 20. d5 Rf6 21. Qd4 1-0

[Event "e2e4 Sunningdale Easter 2014"]
[Site "Ascot ENG"]
[Date "2014.04.19"]
[Round "5.10"]
[White "Jackson, James P"]
[Black "Hegarty, Sarah N"]
[Result "0-1"]
[BlackTitle "WFM"]
[WhiteElo "2283"]
[BlackElo "2094"]
[WhiteFideId "416860"]
[BlackFideId "2501465"]
[EventDate "2014.04.17"]

1. e4 c5 2. d4 cxd4 3. c3 dxc3 4. Nxc3 e6 5. Nf3 a6 6. Bc4 b5 7. Bb3 Nc6 8. O-O
Na5 9. Bd5 Bb7 10. Re1 Bc5 11. a3 Nc6 12. b4 Ba7 13. Bg5 f6 14. Bh4 Nge7 15. Bb3
O-O 16. Qd2 Ng6 17. Bg3 Nge5 18. Nxe5 fxe5 19. Kh1 Nd4 20. Ba2 Qf6 21. Rac1 Rac8
22. Rf1 g5 23. Qd3 h5 24. h3 Rf7 25. Ne2 Bc6 26. Nxd4 Bxd4 27. f3 Rcf8 28. Bf2
Bxf2 29. Rxf2 g4 30. Qe3 Kh7 31. Kg1 Qg6 32. hxg4 hxg4 33. Rc5 g3 34. Rd2 Bxe4
35. Rxe5 Bf5 36. Rc5 Qh5 37. Kf1 d5 38. Rc1 Be4 39. Ke2 Rxf3 40. gxf3 Rxf3 41.
Qg1 Rc3+ 0-1

[Event "e2e4 Sunningdale Easter 2014"]
[Site "Ascot ENG"]
[Date "2014.04.20"]
[Round "6.1"]
[White "Hawkins, Jonathan"]
[Black "Gormally, Daniel W"]
[Result "1/2-1/2"]
[WhiteTitle "IM"]
[BlackTitle "GM"]
[WhiteElo "2518"]
[BlackElo "2492"]
[WhiteFideId "412686"]
[BlackFideId "406465"]
[EventDate "2014.04.17"]

1. d4 Nf6 2. c4 e6 3. Nc3 Bb4 4. e3 O-O 5. Bd3 d5 6. Nf3 c5 7. O-O dxc4 8. Bxc4
Nbd7 9. a3 Ba5 10. Qe2 cxd4 11. exd4 Bxc3 12. bxc3 b6 13. Bf4 Bb7 14. Rfc1 Rc8
15. Bd3 Re8 16. Bg3 Nh5 17. Bb5 Nxg3 18. hxg3 Re7 19. a4 Bxf3 20. Qxf3 Nf6 21.
Ba6 Rcc7 22. a5 h6 23. axb6 axb6 24. Rab1 Qd6 25. Re1 e5 26. Qa8+ Kh7 27. Qb8
exd4 28. cxd4 Nd5 29. Rxe7 Qxe7 30. Bd3+ g6 31. Ra1 Qf6 32. Ra8 h5 33. Be4 Rd7
34. Qg8+ Kh6 35. Qh8+ Qxh8 36. Rxh8+ Kg7 37. Rb8 Nf6 38. Bf3 Rd6 39. Rb7 Rxd4
40. Rxb6 h4 41. gxh4 Rxh4 42. g3 Rd4 1/2-1/2

[Event "e2e4 Sunningdale Easter 2014"]
[Site "Ascot ENG"]
[Date "2014.04.20"]
[Round "6.2"]
[White "Eggleston, David J"]
[Black "Tan, Justin2"]
[Result "1-0"]
[WhiteTitle "IM"]
[BlackTitle "FM"]
[WhiteElo "2402"]
[BlackElo "2363"]
[WhiteFideId "412120"]
[BlackFideId "3206882"]
[EventDate "2014.04.17"]

1. e4 c5 2. Nf3 d6 3. d4 cxd4 4. Nxd4 Nf6 5. Nc3 a6 6. Be3 e5 7. Nb3 Be7 8. f3
Be6 9. Qd2 O-O 10. O-O-O a5 11. Kb1 a4 12. Nc1 Ra5 13. g4 d5 14. g5 Nxe4 15.
Nxe4 dxe4 16. Qxd8 Rxd8 17. Rxd8+ Bxd8 18. fxe4 Nd7 19. Nd3 Be7 20. h4 Ra8 21.
Bh3 Bxh3 22. Rxh3 Rc8 23. b3 axb3 24. axb3 Bd6 25. Kb2 f6 26. c4 Kf7 27. Rh1 Ke6
28. Kc3 Ra8 29. c5 Be7 30. Kb2 f5 31. exf5+ Kxf5 32. Re1 h6 33. b4 hxg5 34. hxg5
Ke4 35. Bc1+ Kd4 36. Kb3 Kd5 37. Nf4+ Kc6 38. Ng6 Bd8 39. Nxe5+ Nxe5 40. Rxe5
Ra1 41. Kb2 Ra8 42. Re6+ Kb5 43. Bd2 Kc4 44. Kb1 Ra3 45. Re4+ Kd5 46. Re8 Bc7
47. Kb2 Rf3 48. Re7 Be5+ 49. Kc2 Ra3 50. Rxb7 Kc4 51. Rd7 Bd4 52. Rf7 Ra2+ 53.
Kd1 Ra1+ 54. Ke2 Rh1 55. c6 Rh2+ 56. Kd1 Kd3 57. Rf3+ Kc4 58. c7 Rh8 59. Rf4 Kd3
60. b5 Ra8 61. Rxd4+ 1-0

[Event "e2e4 Sunningdale Easter 2014"]
[Site "Ascot ENG"]
[Date "2014.04.20"]
[Round "6.3"]
[White "Hunt, Adam C"]
[Black "Petrov, Marijan"]
[Result "1/2-1/2"]
[WhiteTitle "IM"]
[BlackTitle "GM"]
[WhiteElo "2434"]
[BlackElo "2455"]
[WhiteFideId "403970"]
[BlackFideId "2901773"]
[EventDate "2014.04.17"]

1. e4 c5 2. Nf3 Nc6 3. d4 cxd4 4. Nxd4 Qb6 5. Nb3 Nf6 6. Nc3 e6 7. Qe2 Bb4 8.
Bd2 O-O 9. a3 Bxc3 10. Bxc3 e5 11. O-O-O Rd8 12. Qe1 d6 13. Bc4 Qc7 14. Qe2 a6
15. f3 Be6 16. Bxe6 fxe6 17. f4 Nd7 18. Qc4 Re8 19. fxe5 dxe5 20. Na5 Nb6 21.
Qd3 Rac8 22. Nxc6 Qxc6 23. Bxe5 Nc4 24. Bc3 Nxa3 25. Qd7 e5 26. Qxc6 Rxc6 27.
Rd7 Nb5 28. Rxb7 Nxc3 1/2-1/2

[Event "e2e4 Sunningdale Easter 2014"]
[Site "Ascot ENG"]
[Date "2014.04.20"]
[Round "6.4"]
[White "Pert, Nicholas"]
[Black "Sowray, Peter J"]
[Result "1-0"]
[WhiteTitle "GM"]
[BlackTitle "FM"]
[WhiteElo "2552"]
[BlackElo "2331"]
[WhiteFideId "403989"]
[BlackFideId "400971"]
[EventDate "2014.04.17"]

1. d4 d6 2. g3 f5 3. Bg2 Nf6 4. Nc3 Nc6 5. d5 Ne5 6. Nh3 g6 7. Nf4 Bg7 8. h4 c5
9. h5 O-O 10. hxg6 hxg6 11. Ne6 Bxe6 12. dxe6 Qc8 13. Nd5 Nxd5 14. Bxd5 Ng4 15.
Bg5 Qc7 16. Qd2 c4 17. c3 Qc5 18. O-O-O Nxf2 19. Bxe7 Nd3+ 20. exd3 Qxd5 21.
Bxf8 Rxf8 22. e7 Re8 23. dxc4 Qxc4 24. Qxd6 Qxa2 25. Qd7 Kf7 26. Rh7 b5 27.
Rxg7+ 1-0

[Event "e2e4 Sunningdale Easter 2014"]
[Site "Ascot ENG"]
[Date "2014.04.20"]
[Round "6.5"]
[White "Player, Edmund C"]
[Black "Lalic, Bogdan"]
[Result "1/2-1/2"]
[BlackTitle "GM"]
[WhiteElo "2246"]
[BlackElo "2485"]
[WhiteFideId "406520"]
[BlackFideId "409081"]
[EventDate "2014.04.17"]

1. e4 c5 2. Nc3 g6 3. g3 Nc6 4. Bg2 Bg7 5. d3 d6 6. Nge2 e6 7. Be3 Nd4 8. Qd2
Qa5 9. Nc1 Ne7 10. O-O Nec6 11. Nb3 Qd8 12. Nd1 O-O 13. Nc1 e5 14. c3 Ne6 15.
Ne2 Rb8 1/2-1/2

[Event "e2e4 Sunningdale Easter 2014"]
[Site "Ascot ENG"]
[Date "2014.04.20"]
[Round "6.6"]
[White "Williams, Simon K"]
[Black "Arkell, Keith C"]
[Result "1-0"]
[WhiteTitle "GM"]
[BlackTitle "GM"]
[WhiteElo "2463"]
[BlackElo "2461"]
[WhiteFideId "404454"]
[BlackFideId "400270"]
[EventDate "2014.04.17"]

1. d4 d5 2. c4 c6 3. Nc3 Nf6 4. Nf3 g6 5. cxd5 cxd5 6. Bf4 Nc6 7. e3 Bg7 8. Ne5
O-O 9. Be2 Nxe5 10. Bxe5 e6 11. O-O Bd7 12. Qb3 Bc6 13. Bb5 Nd7 14. Bxg7 Kxg7
15. Bxc6 bxc6 16. Qa3 a5 17. Na4 Qb8 18. Qc3 Rc8 19. Rac1 Qb4 20. b3 Qxc3 21.
Rxc3 Kf8 22. Rfc1 Ra6 23. f3 Ke7 24. e4 Kd6 25. e5+ Kc7 26. g4 Rh8 27. Kg2 Rb8
28. f4 Rb4 29. Rd1 Ra8 30. a3 Rbb8 31. Rdc1 Ra6 32. Rf1 Rg8 33. Rg3 Raa8 34. f5
Rg7 35. fxe6 fxe6 36. Rgf3 Re7 37. Rc1 Kb7 38. Kg3 Rc8 39. Kh4 h6 40. Nc5+ Nxc5
41. Rxc5 Kb6 42. Rf6 Rg8 43. Kg3 h5 44. g5 Rgg7 45. h4 Rg8 46. Kf4 Rgg7 47. Ke3
Rg8 48. Rc2 Kb5 49. Kd3 Rgg7 50. Rcf2 c5 51. dxc5 Kxc5 52. Rc2+ Kb6 53. Kd4 Rg8
54. Rc5 a4 55. b4 Rgg7 56. Rxd5 1-0

[Event "e2e4 Sunningdale Easter 2014"]
[Site "Ascot ENG"]
[Date "2014.04.20"]
[Round "6.7"]
[White "Hegarty, Sarah N"]
[Black "Rudd, Jack"]
[Result "0-1"]
[WhiteTitle "WFM"]
[BlackTitle "IM"]
[WhiteElo "2094"]
[BlackElo "2218"]
[WhiteFideId "2501465"]
[BlackFideId "405736"]
[EventDate "2014.04.17"]

1. e4 e5 2. Bc4 Bc5 3. Nf3 Nc6 4. d3 Nf6 5. O-O d6 6. c3 Bb6 7. Nbd2 Qe7 8. h3
h6 9. Bb3 g5 10. Nh2 g4 11. hxg4 Rg8 12. g5 hxg5 13. Nc4 g4 14. Nxb6 axb6 15. g3
Be6 16. Bd2 O-O-O 17. f4 exf4 18. Bxf4 d5 19. e5 Nh5 20. d4 Nxf4 21. Rxf4 Rh8
22. Ba4 Rh3 23. Nf1 Qg5 24. Bxc6 Rxg3+ 25. Nxg3 Qxf4 26. Bxb7+ Kxb7 27. Kg2 Rh8
28. Qd3 Rh3 29. Rf1 Qh6 30. Rh1 Rxh1 31. Nxh1 Qc1 32. Qe2 Bf5 33. Ng3 Bc2 34. e6
Bd1 35. exf7 Bxe2 36. f8=Q Bf3+ 37. Kf2 Qd2+ 38. Kf1 Qg2+ 0-1

[Event "e2e4 Sunningdale Easter 2014"]
[Site "Ascot ENG"]
[Date "2014.04.20"]
[Round "6.8"]
[White "Buchicchio, Giampaolo"]
[Black "Wadsworth, Matthew J"]
[Result "1-0"]
[WhiteTitle "FM"]
[WhiteElo "2343"]
[BlackElo "2200"]
[WhiteFideId "811491"]
[BlackFideId "415804"]
[EventDate "2014.04.17"]

1. e4 c6 2. Nc3 d5 3. Qf3 Nf6 4. e5 Nfd7 5. Qg3 e6 6. d4 c5 7. dxc5 Nc6 8. Nf3
Nxc5 9. Be3 Nd7 10. Bd3 a6 11. h4 Qc7 12. Bf4 Nc5 13. O-O b5 14. Bxb5 axb5 15.
Nxb5 Qb6 16. Nd6+ Bxd6 17. Qxg7 Rf8 18. exd6 Ba6 19. Rfb1 Ne4 20. Be3 Qb4 21.
Ng5 Nxg5 22. Bxg5 Qxd6 23. b3 Kd7 24. c4 d4 25. Qxh7 Ne5 26. Qc2 Bb7 27. Rd1 Kc7
28. Qd2 Rg8 29. Qf4 d3 30. c5 Qd5 31. f3 Kc6 32. b4 Raf8 33. a4 f6 34. b5+ Kxc5
35. Bxf6 Nxf3+ 36. Kh1 e5 37. Qh6 Ne1 38. Be7+ Kd4 39. Qb6+ Kc3 40. Qc7+ Bc6 41.
Rac1+ Nc2 42. Qa5+ Kd4 43. Rxc2 Rxg2 44. Qb4+ Ke3 45. Bc5+ Kf3 46. Rxg2 1-0

[Event "e2e4 Sunningdale Easter 2014"]
[Site "Ascot ENG"]
[Date "2014.04.20"]
[Round "6.9"]
[White "Kalaiyalahan, Akshaya"]
[Black "Letreguilly, Olivier"]
[Result "1/2-1/2"]
[BlackTitle "FM"]
[WhiteElo "1959"]
[BlackElo "2342"]
[WhiteFideId "422894"]
[BlackFideId "600997"]
[EventDate "2014.04.17"]

1. d4 Nf6 2. Nf3 d6 3. g3 Nbd7 4. Bg2 e5 5. c4 c6 6. O-O Be7 7. Nc3 O-O 8. e4 a6
9. Qc2 Re8 10. b3 Qc7 11. Bb2 b5 12. cxb5 cxb5 13. Rac1 Bb7 14. Qe2 Qa5 15. d5
g6 16. Nd2 Nh5 17. a4 Bg5 18. axb5 axb5 19. Ra1 Qb4 20. Nf3 Be7 21. Qxb5 Qxb5
22. Nxb5 Ba6 23. Nc7 Bxf1 24. Rxa8 Rxa8 25. Nxa8 Bxg2 26. Kxg2 Nc5 27. Nd2 Bg5
28. b4 Na4 29. Nc4 Nf6 30. f4 Nxb2 31. fxg5 Nxc4 32. gxf6 Nd2 33. Nb6 Nxe4 34.
Nd7 Nc3 35. Nxe5 Nxd5 36. Nc4 Nxb4 37. Nxd6 Nd5 38. Ne4 1/2-1/2

[Event "e2e4 Sunningdale Easter 2014"]
[Site "Ascot ENG"]
[Date "2014.04.20"]
[Round "6.10"]
[White "Longson, Alexander"]
[Black "Lock, Gavin R"]
[Result "1-0"]
[WhiteTitle "FM"]
[WhiteElo "2337"]
[BlackElo "2182"]
[WhiteFideId "408093"]
[BlackFideId "408646"]
[EventDate "2014.04.17"]

1. e4 e6 2. d4 d5 3. Nd2 Be7 4. Ngf3 Nf6 5. Bd3 c5 6. c3 Nc6 7. O-O dxe4 8. Nxe4
cxd4 9. cxd4 O-O 10. Nc3 Nb4 11. Bb1 Bd7 12. Re1 Rc8 13. a3 Nbd5 14. Qd3 Bc6 15.
Bg5 g6 16. Ne5 Nd7 17. Nxc6 bxc6 18. Bh6 Re8 19. Ne4 Qb6 20. b4 Red8 21. Ba2 a5
22. bxa5 Qxa5 23. Bd2 Qxa3 24. Bb3 1-0

[Event "e2e4 Sunningdale Easter 2014"]
[Site "Ascot ENG"]
[Date "2014.04.20"]
[Round "7.1"]
[White "Eggleston, David J"]
[Black "Pert, Nicholas"]
[Result "0-1"]
[WhiteTitle "IM"]
[BlackTitle "GM"]
[WhiteElo "2402"]
[BlackElo "2552"]
[WhiteFideId "412120"]
[BlackFideId "403989"]
[EventDate "2014.04.17"]

1. e4 e6 2. d4 d5 3. exd5 exd5 4. c4 Nf6 5. Nf3 Bb4+ 6. Nc3 O-O 7. Bd3 Bg4 8.
O-O dxc4 9. Bxc4 Nc6 10. Be3 Qd6 11. h3 Bh5 12. a3 Ba5 13. g4 Bg6 14. Nh4 Rad8
15. Nxg6 hxg6 16. g5 Bxc3 17. bxc3 Nd5 18. Bd2 Nce7 19. Rb1 b6 20. Qg4 c5 21. a4
Nf5 22. Rfe1 cxd4 23. cxd4 Rfe8 24. Rxe8+ Rxe8 25. Bb5 Rd8 26. Rd1 Qa3 27. Be1
a6 28. Bxa6 Qxa4 29. Qe2 Nf4 30. Qg4 Nxh3+ 31. Kh2 Nxf2 32. Bxf2 Qxa6 33. d5 Qa2
34. Qg2 Qe2 35. Re1 Qd2 36. Bxb6 Qxe1 37. Bxd8 Qe5+ 38. Kg1 Qd6 0-1

[Event "e2e4 Sunningdale Easter 2014"]
[Site "Ascot ENG"]
[Date "2014.04.20"]
[Round "7.2"]
[White "Hawkins, Jonathan"]
[Black "Hunt, Adam C"]
[Result "1-0"]
[WhiteTitle "IM"]
[BlackTitle "IM"]
[WhiteElo "2518"]
[BlackElo "2434"]
[WhiteFideId "412686"]
[BlackFideId "403970"]
[EventDate "2014.04.17"]

1. d4 Nf6 2. c4 g6 3. Nc3 d5 4. Nf3 Bg7 5. Qb3 dxc4 6. Qxc4 O-O 7. e4 Nc6 8. Be2
Bg4 9. d5 Na5 10. Qb4 Bxf3 11. Bxf3 c6 12. Be3 cxd5 13. exd5 Rc8 14. O-O Nc4 15.
Qxb7 Nd7 16. Rac1 Rb8 17. Qxa7 Nxb2 18. d6 exd6 19. Nd5 Nd3 20. Rc7 N3e5 21. Be4
Qh4 22. f3 f5 23. g3 Qd8 24. Bc2 Ra8 25. Qb7 Rb8 26. Qa6 Nf6 27. Nxf6+ Qxf6 28.
Bb3+ Kh8 29. Kg2 g5 30. Bd4 f4 31. g4 Ra8 32. Qb7 Rab8 33. Qd5 Rfc8 34. Rfc1
Rxc7 35. Rxc7 Re8 36. a4 h5 37. h3 Rb8 38. a5 Qd8 39. Bb6 Qe8 40. Qe4 Qf8 41.
Bc2 Qg8 42. Qf5 1-0

[Event "e2e4 Sunningdale Easter 2014"]
[Site "Ascot ENG"]
[Date "2014.04.20"]
[Round "7.3"]
[White "Gormally, Daniel W"]
[Black "Williams, Simon K"]
[Result "1-0"]
[WhiteTitle "GM"]
[BlackTitle "GM"]
[WhiteElo "2492"]
[BlackElo "2463"]
[WhiteFideId "406465"]
[BlackFideId "404454"]
[EventDate "2014.04.17"]

1. d4 Nf6 2. Nf3 g6 3. c4 Bg7 4. g3 O-O 5. Bg2 d6 6. O-O Nc6 7. Nc3 Bg4 8. d5
Na5 9. Nd2 c5 10. h3 Bf5 11. e4 Bd7 12. Qc2 e5 13. dxe6 Bxe6 14. b3 Nc6 15. Bb2
a6 16. Nf3 Qe7 17. Rfe1 Nd7 18. Nd5 Qd8 19. Bxg7 Kxg7 20. Qc3+ Kg8 21. Rad1 Nde5
22. Nh2 Nd4 23. f4 Nec6 24. e5 dxe5 25. fxe5 Kg7 26. Qd2 Ne7 27. Nf6 Qc7 28. g4
Rad8 29. Qf2 h6 30. Nf1 b5 31. Ne3 bxc4 32. bxc4 Qxe5 33. Ned5 Qd6 34. Rxd4 Nxd5
35. cxd5 Bxd5 36. Rf4 Bxg2 37. Qb2 1-0

[Event "e2e4 Sunningdale Easter 2014"]
[Site "Ascot ENG"]
[Date "2014.04.20"]
[Round "7.4"]
[White "Lalic, Bogdan"]
[Black "Longson, Alexander"]
[Result "1/2-1/2"]
[WhiteTitle "GM"]
[BlackTitle "FM"]
[WhiteElo "2485"]
[BlackElo "2337"]
[WhiteFideId "409081"]
[BlackFideId "408093"]
[EventDate "2014.04.17"]

1. d4 d5 2. c4 e6 3. Nf3 Nf6 4. Nc3 Be7 5. Bf4 O-O 6. a3 b6 7. Qc2 Bb7 8. Rd1 a6
9. e3 Nbd7 10. cxd5 exd5 11. Bd3 c5 12. O-O c4 13. Bf5 g6 14. Bh3 Re8 15. Ne5
Bf8 16. Bg3 Nxe5 17. dxe5 Nh5 18. f4 Nxg3 19. hxg3 b5 20. Kh2 1/2-1/2

[Event "e2e4 Sunningdale Easter 2014"]
[Site "Ascot ENG"]
[Date "2014.04.20"]
[Round "7.5"]
[White "Petrov, Marijan"]
[Black "Player, Edmund C"]
[Result "1-0"]
[WhiteTitle "GM"]
[WhiteElo "2455"]
[BlackElo "2246"]
[WhiteFideId "2901773"]
[BlackFideId "406520"]
[EventDate "2014.04.17"]

1. e4 e6 2. d4 d5 3. e5 c5 4. c3 Nc6 5. Nf3 Bd7 6. Be2 Nge7 7. Na3 cxd4 8. cxd4
Nf5 9. Nc2 Be7 10. O-O Rc8 11. g4 Nh4 12. Nxh4 Bxh4 13. f4 Be7 14. Be3 Qb6 15.
Qd2 Qa5 16. Qd1 Qb6 17. Rb1 Nb4 18. Nxb4 Qxb4 19. f5 Bb5 20. Bxb5+ Qxb5 21. h4
Qd7 22. h5 Bd8 23. Qd2 Rc6 24. Rf3 exf5 25. gxf5 g6 26. Qg2 Qe7 27. Rbf1 gxh5
28. Rg3 Qh4 29. Rf4 Rc2 30. Rg8+ Kd7 31. Rxd8+ Qxd8 32. Qxc2 Rg8+ 33. Kf1 Qg5
34. e6+ fxe6 35. fxe6+ Kd6 36. Qc5+ 1-0

[Event "e2e4 Sunningdale Easter 2014"]
[Site "Ascot ENG"]
[Date "2014.04.20"]
[Round "7.6"]
[White "Tan, Justin2"]
[Black "Gandrud, Vegar Koi"]
[Result "0-1"]
[WhiteTitle "FM"]
[WhiteElo "2363"]
[BlackElo "2223"]
[WhiteFideId "3206882"]
[BlackFideId "1505530"]
[EventDate "2014.04.17"]

1. e4 c5 2. Nf3 d6 3. d4 cxd4 4. Qxd4 Nc6 5. Bb5 e5 6. Qd3 Nf6 7. O-O Be7 8. Nc3
O-O 9. a3 h6 10. Bc4 a6 11. Be3 b5 12. Bd5 Qc7 13. Nh4 Kh8 14. Bb3 Rb8 15. h3
Na5 16. Ba2 Nc4 17. Bc1 Be6 18. a4 Rfd8 19. axb5 axb5 20. Bb3 d5 21. Ra6 Qc8 22.
Ra1 dxe4 23. Qe2 g5 24. Nxe4 Nxe4 25. Qxe4 gxh4 26. Bxh6 Qb7 27. Qe2 Rg8 28. g4
hxg3 29. f3 Qb6+ 30. Kg2 Bxh3+ 0-1

[Event "e2e4 Sunningdale Easter 2014"]
[Site "Ascot ENG"]
[Date "2014.04.20"]
[Round "7.7"]
[White "Rudd, Jack"]
[Black "Buchicchio, Giampaolo"]
[Result "1-0"]
[WhiteTitle "IM"]
[BlackTitle "FM"]
[WhiteElo "2218"]
[BlackElo "2343"]
[WhiteFideId "405736"]
[BlackFideId "811491"]
[EventDate "2014.04.17"]

1. e4 c5 2. Nf3 Nc6 3. d4 cxd4 4. Nxd4 e5 5. Nb5 d6 6. c4 Be7 7. Be3 f5 8. N1c3
a6 9. Nd5 Rb8 10. Nbc7+ Kf8 11. exf5 g6 12. g4 Kg7 13. Rg1 Bg5 14. Qd2 Bxe3 15.
Qxe3 b5 16. c5 Rb7 17. cxd6 Nf6 18. Nxf6 Qxf6 19. Qc5 Nd4 20. Bg2 Rb8 21. Be4 h6
22. Qa7 Bb7 23. Bxb7 Qxd6 24. Be4 Nc2+ 25. Bxc2 Qb4+ 26. Ke2 Rhg8 27. Nd5+ 1-0

[Event "e2e4 Sunningdale Easter 2014"]
[Site "Ascot ENG"]
[Date "2014.04.20"]
[Round "7.8"]
[White "Arkell, Keith C"]
[Black "Hill, Alistair"]
[Result "1-0"]
[WhiteTitle "GM"]
[WhiteElo "2461"]
[BlackElo "2142"]
[WhiteFideId "400270"]
[BlackFideId "432407"]
[EventDate "2014.04.17"]

1. d4 Nf6 2. Nf3 g6 3. c4 Bg7 4. g3 O-O 5. Bg2 d5 6. cxd5 Nxd5 7. Nc3 Nxc3 8.
bxc3 c5 9. O-O Nc6 10. e3 Qa5 11. Bb2 Rd8 12. Nd2 cxd4 13. cxd4 Be6 14. Nb3 Qb5
15. Qc2 Rac8 16. Nc5 Na5 17. Rfb1 b6 18. Bc3 Qe8 19. Nxe6 fxe6 20. Qb2 Nc4 21.
Qb3 Kh8 22. Rd1 e5 23. dxe5 Nxe5 24. Bd4 Rxd4 25. exd4 Nc6 26. Bxc6 Rxc6 27.
Rac1 Rxc1 28. Rxc1 Bxd4 29. Rc7 Qf8 30. Qc2 Kg7 31. Rxa7 Qf6 32. Qe2 Bc5 33. Rd7
Bd6 34. Rd8 Bc5 35. Kg2 h6 36. Qf3 Kf7 37. Rd7 Qf5 38. Qxf5+ gxf5 39. f3 Kf6 40.
g4 e5 41. Kg3 e4 42. fxe4 fxe4 43. Kf4 e3 44. Kf3 Ke5 45. h4 1-0

[Event "e2e4 Sunningdale Easter 2014"]
[Site "Ascot ENG"]
[Date "2014.04.20"]
[Round "7.9"]
[White "Letreguilly, Olivier"]
[Black "Hegarty, Sarah N"]
[Result "1-0"]
[WhiteTitle "FM"]
[BlackTitle "WFM"]
[WhiteElo "2342"]
[BlackElo "2094"]
[WhiteFideId "600997"]
[BlackFideId "2501465"]
[EventDate "2014.04.17"]

1. d4 Nf6 2. Nf3 g6 3. g3 Bg7 4. Bg2 d5 5. c4 O-O 6. cxd5 Nxd5 7. O-O Nc6 8. e4
Nb6 9. d5 Ne5 10. Nxe5 Bxe5 11. Nc3 e6 12. Bh6 Bg7 13. Bxg7 Kxg7 14. Rc1 exd5
15. exd5 a6 16. Qd4+ f6 17. Rfe1 Rf7 18. Re3 Qd6 19. Rd1 Nd7 20. Re8 Rf8 21. Ne4
Qb6 22. Qxb6 Nxb6 23. Rxf8 Kxf8 24. Nxf6 h6 25. Re1 Bd7 26. Nxd7+ Nxd7 27. Rc1
Rc8 28. Bh3 Ke7 29. d6+ 1-0

[Event "e2e4 Sunningdale Easter 2014"]
[Site "Ascot ENG"]
[Date "2014.04.20"]
[Round "7.10"]
[White "Sowray, Peter J"]
[Black "Seymour, Timothy P"]
[Result "1-0"]
[WhiteTitle "FM"]
[WhiteElo "2331"]
[BlackElo "2079"]
[WhiteFideId "400971"]
[BlackFideId "412112"]
[EventDate "2014.04.17"]

1. d4 Nf6 2. c4 e6 3. Nc3 Bb4 4. e3 O-O 5. Ne2 Re8 6. a3 Bf8 7. e4 d5 8. e5 Nfd7
9. cxd5 exd5 10. f4 Nb6 11. g3 Be6 12. Bg2 g6 13. h3 f6 14. O-O c5 15. Kh2 Nc6
16. dxc5 Bxc5 17. b4 Bf8 18. b5 Na5 19. Nd4 Bf7 20. Qf3 Kh8 21. Re1 Bc5 22. Be3
Nbc4 23. Bg1 Nxa3 24. e6 Bxd4 25. exf7 Rxe1 26. Bxd4 Nc2 27. Rxe1 Nxe1 28. Qe2
Kg7 29. Nxd5 Kxf7 30. Qxe1 Nb3 31. Bxf6 Qd7 32. Qc3 Qxb5 33. Qc7+ Ke6 34. Qe7+
Kf5 35. g4# 1-0

[Event "e2e4 Sunningdale Easter 2014"]
[Site "Ascot ENG"]
[Date "2014.04.21"]
[Round "8.1"]
[White "Pert, Nicholas"]
[Black "Hawkins, Jonathan"]
[Result "1-0"]
[WhiteTitle "GM"]
[BlackTitle "IM"]
[WhiteElo "2552"]
[BlackElo "2518"]
[WhiteFideId "403989"]
[BlackFideId "412686"]
[EventDate "2014.04.17"]

1. Nf3 Nf6 2. g3 g6 3. Bg2 Bg7 4. O-O O-O 5. c4 c6 6. d4 d5 7. cxd5 cxd5 8. Nc3
Ne4 9. Ne5 Nxc3 10. bxc3 Nc6 11. Nxc6 bxc6 12. Qa4 Qb6 13. Ba3 Qa6 14. Qxa6 Bxa6
15. Rfe1 f5 16. Bxe7 Rfe8 17. Bc5 Bxe2 18. Bf1 Bxf1 19. Kxf1 Rxe1+ 20. Rxe1 Bf8
21. Re6 Bxc5 22. dxc5 Rc8 23. Rd6 a5 24. a4 Rc7 25. Ke2 Kg7 26. Kd3 Kh6 27. h3
f4 28. gxf4 Kh5 29. Ke3 Re7+ 30. Kd3 Rc7 31. Kd4 Kh4 32. Ke5 Kxh3 33. f5 gxf5
34. Kxf5 Kg2 35. f4 Kf3 36. Rh6 Rf7+ 37. Ke5 Rxf4 38. Rh3+ Kg4 39. Rxh7 Rc4 40.
Kd6 Rxc3 41. Kxc6 d4 42. Kb6 Kf4 43. c6 d3 44. c7 Ke3 45. Kxa5 Rc1 46. Re7+ Kf4
47. Rd7 d2 48. Rxd2 Rxc7 49. Kb6 Rc1 50. Rd5 Ke4 51. Rb5 Rh1 52. a5 Rh6+ 53. Kc5
Rg6 54. Rb4+ Ke5 55. Ra4 1-0